| 000 | 00596cam a22002294a 4500 | ||
|---|---|---|---|
| 003 | UPN | ||
| 005 | 20220527125504.0 | ||
| 008 | 090216s2004 es r 000 f spa d | ||
| 020 | _a8484338541 | ||
| 035 | _aUPN01000169314 | ||
| 040 |
_aUPN _bspa _cUPN |
||
| 049 | _aCG | ||
| 050 | 4 |
_aPQ6672 A4.4 _bL8.6 |
|
| 100 | 1 |
_aValencia Assogna, Leonardo, _d1969- _944596 |
|
| 245 | 1 | 3 |
_aLa luna nómada / _cLeonardo Valencia. |
| 260 |
_a[Cádiz, Esp.] : _bAlgaida, _c2004. |
||
| 300 | _a216 p. | ||
| 490 | _aCalembe | ||
| 650 | 4 |
_aCuentos españoles _912796 |
|
| 905 | _aLibro | ||
| 942 |
_2lcc _cLIBRO |
||
| 999 |
_c141420 _d141420 |
||